000 02585nam a2200241 a 4500
001 ASIN1439819246
005 20170105102929.0
008 140114s2010 xxu eng d
020 _a1439819246 (hardcover)
_c$135.95
020 _a9781439819241 (hardcover)
040 _a0
082 _a363.2
_bTRE 2011
245 0 0 _aTrends in policing :
_binterviews with police leaders across the globe, volume three /
_cOtwin Marenin, Dilip K. Das.
260 _a[S.l.] :
_bCRC Press,
_c2010.
300 _a460 p. ;
_c24 cm.
490 1 _aInterviews with global leaders in policing, courts, and prisons.
520 _aSeveral years ago, the Trends in Policing series unveiled insiders’ accounts of how police leaders perceive the work they do. These volumes feature interviews with practitioners who speak candidly about their concerns and opinions. They present their evaluations of programs and philosophies that worked and those that did not, describe their conceptions of success and failure, and offer the experiences and insights gained from living the police life. Composed of new interviews, Volume Three continues in the tradition of providing a revealing depiction of diverse police perspectives across a range of different cultures. The environments in which the subjects of these interviews operate differ vastly in terms of political life, economic resources, social structures, police-community relations, and transnational interactions. Some work in very large organizations; others, in tiny departments. Some are engaged in high-tech environments and others struggle with outdated equipment. Some must contend with routine political interference as others proceed with minimal influence. And some enjoy popular confidence while others are widely despised. The vast range of experiences profiled demonstrates how context significantly determines how police leaders feel about their work. Sociological studies by academics are plentiful in the policing literature. But police leaders possess an abundance of knowledge that can complement, challenge, and support the more cerebral, scholarly treatments. This thoughtful perspective from the vantage point of individuals in the field enables a balanced understanding of the nuances and dynamics of police culture, elevating the topic to a heightened level of discourse.
700 1 _aMarenin, Otwin.
700 1 _aDas, Dilip K.
830 0 _aInterviews with global leaders in policing, courts, and prisons.
856 4 0 _3Amazon.com
_uhttp://www.amazon.com/exec/obidos/ASIN/1439819246/chopaconline-20
942 _2ddc
_cBK
999 _c15989
_d15989